000 01525nam0a22002531 4500
001 rc\3801978
005 20260408084233.0
021 _aRU
_bРг7032-76
035 _a(NLR Aleph) 007247690
090 _a5171547
_c5171547
100 _a20120311d1975 |||y0rusy50 ca
101 0 _arus
102 _aRU
105 _ay z |||||
200 1 _aИнструкция по нормированию расхода мелассы (в пересчете на 46 % сахара) основных и вспомогательных материалов в производстве хлебопекарных дрожжей
_eУтв. Главхлебом Минпищепрома СССР 9/IX 1974 г.
_fГосплан СССР. М-во пищевой пром-сти СССР. НИИ планирования и нормативов (НИИПИН). ВНИИ хлебопекарной пром-сти (ВНИИХП)
210 _aМосква
_cБ. и.
_d1975
215 _a56 с.
_d21
532 1 3 _aИнструкция по нормированию расхода мелассы в пересчете на 46 % сахара основных и вспомогательных материалов в производстве хлебопекарных дрожжей
712 0 1 _aСССР
_bГлавное управление хлебопекарной промышленности
_3RU\NLR\AUTH\8810184211
_9865109
801 0 _aRU
_bNLR
_gpsbo
801 1 _aRU
_bELAR
_2rusmarc
852 _aNLR
_j76-4/17425
942 _cBOOK
980 _aNB